000 00749nam a2200253Ia 4500
003 OSt
005 20220926034053.0
006 a|||||r|||| 00| 0
007 ta
008 220923b |||||||| |||| 00| 0 eng d
020 _a081571114X
037 _cGeneral Book
040 _aRTL
_cRTL
_beng
041 _2eng
_aeng
082 _aX755.73.P, P3
100 _aBrainard Lael and others
_9340020
245 0 _aOther war
_bGlobal poverty and the millenium challe
260 _aWashington
_bBrooking Institution Press
_c2003
300 _ax, 265p
_ccm.
500 _aConter for Global Development
650 _aForeign Loan
942 _hX755.73.P, P3
_cGB
_2CC
999 _c658682
_d658682